000 01057njm a22002417a 4500
005 20100907103351.0
007 sd ammalaaahaa
008 100907t xxu||||| |||| 00| 0 hin d
028 _aGE. 23178
_bHis Master's Voics
035 _aGR- 00989
040 _aSED/VEN
100 _aVilayat Hussain Khan
_91184
245 _aDurve durve lata lata - raag sohni Part 1 :
_bhindustani classical /
_cby Vilayat Hussain Khan
_h[sound recording] :
246 _a दूर्वे दूर्वे लता लता - राग सोहनी
260 _aDum Dum, India
_bHis Master's Voics
300 _a1sound disc [Gramophone record] :
_banalog, 33. 1/3 rpm
_c10 in.
_fGramophone record
500 _aBrief record.
505 _aKarat singaar - raag khambawati (Vilayat Hussain Khan) करत सिंगार - राग खम्बावती भाग 2
_t
650 _aClassical Music
_xExcerpts
_zIndia
_918680
700 _918681
942 _2ddc
_cGR
999 _c44155
_d44155